Laddar...

Report of the study team on public sector undertakings /

Bibliografiska uppgifter
Institutionell upphovsman: India Administrative Reforms commission H.D.185
Materialtyp: Printed Book
Språk:English
Publicerad: Manager of Publications, 1970.
LEADER 00455nam a2200109Ia 4500
008 150624b xxu||||| |||| 00| 0 eng d
110 |a India Administrative Reforms commission H.D.185 
245 |a Report of the study team on public sector undertakings /  |c India Administrative Reforms commission H.D.185 
260 |b Manager of Publications,  |c 1970. 
942 |c BK 
999 |c 8085  |d 8085 
952 |0 1  |1 0  |4 0  |7 0  |9 8084  |a UL  |b UL  |c ST1  |d 1998-09-01  |l 0  |p 12823  |r 2012-10-27  |w 2012-10-27  |y BK